00495nam a2200193 a 4500001001300000003000900013005001700022008004100039020002400080082001500104100001900119245003400138260003100172300000900203500003500212505001000247650002500257700001900282nice12345678IN_TiNIC20260116013925.0050524s1996 dela grp 000 0 eng  a8185989 c135000a725.2bGRO aGrover, Satish aIslamic Architecture in India aDelhibGalgotia Pub.c1996 a179p aincludes index and biblioraphy2 aIndex aArchitecture-Islamic1 aGrover, Satish